000 01369cam a22003617a 4500
003 CHAP
005 20220329141936.0
008 980826d1998 mx ob r 00110 spa d
010 _a76029
011 _a77001
035 _a86596
040 _cCHAP
090 _aTesis
100 0 0 _aCorona Castuera, Francisco.
_928102
245 1 0 _aAnálisis químico proximal de la vaina de mezquite (Prosopis torreyana) en árboles podados y no podados, en diferentes periódos de fructificación
_c/por Francisco Corona Castuera
260 _aChapingo, Méx. :
_bEl autor,
_c1998.
300 _a52 h. :
_bgráfs. ; 2 fotografías, ; mapas
502 _aTesis (Ing. Agr. en Sistemas Agrícolas de Zonas Aridas) --UACH. Departamento de Zonas Aridas
590 _aALEPH
_b10
_c20130110
_lUCH01
_h1425
590 _aBATCH-UPD
_b10
_c20130110
_lUCH01
_h0321
590 _aBATCH-UPD
_b10
_c20130110
_lUCH01
_h2021
590 _aBATCH-UPD
_b10
_c20130409
_lUCH01
_h2354
590 _aBATCH-UPD
_b10
_c20130914
_lUCH01
_h1816
590 _aCONVERSION
_b10
_c20130109
_lUCH01
_h1342
650 1 4 _aMezquite
_xAnálisis.
_975368
650 1 4 _aMezquite
_xPoda.
_975374
650 1 4 _aQuímica vegetal.
_993602
901 _aBK
905 _aMayto Villalobos S.
942 _cFOLL
949 _bBC
_cTES
_d33724000589784
_eTS2
_fc.2
_h32811
_i86596
_si
949 _bBC
_cTES
_d865961
_eTS1
_h32810
_i86596
_sb
999 _c76029
_d76029